000
00311nam a2200133Ia 4500
005
20251222144734.0
008
251222s9999||||xx |||||||||||||| ||spa||
082
_a
320.548.5/I96/1989
100
_a
Iwasaki Cauti, Fernando
245
0
_a
Nación Peruana:
250
_a
2a.ed.
264
_b
CRESE
942
_c
LIB
999
_c
18709
_d
18709